01315nam a22003134a 4500001001100000003000800011006001900019007001500038008004100053010001700094020003300111040002100144035002000165050002400185082001900209100002300228245011100251260004400362300001700406504006600423533015200489610005200641650006300693650005900756655002900815710001700844856012500861999001500986ebr5004854CaPaEBRm u cr cn|||||||||991230s2000 ctu sb 001 0 eng  z 99462243  z1567203337 (acid-free paper) aCaPaEBRcCaPaEBR a(OCoLC)5068036014aHG4572b.B46 2000eb04a332.64/2732211 aBenn, Alec,d1918-14aThe unseen Wall Street of 1969-1975h[electronic resource] :band its significance for today /cAlec Benn. aWestport, Conn. :bQuorum Books,c2000. axxii, 216 p. aIncludes bibliographical references (p. [209]-210) and index. aElectronic reproduction.bPalo Alto, Calif. :cebrary,d2013.nAvailable via World Wide Web.nAccess may be limited to ebrary affiliated libraries.20aNew York Stock ExchangexHistoryy20th century. 0aSecurities industryzUnited StatesxHistoryy20th century. 0aStock exchangeszUnited StatesxHistoryy20th century. 7aElectronic books.2local2 aebrary, Inc.40uhttp://site.ebrary.com/lib/rucke/Doc?id=5004854zAn electronic book accessible through the World Wide Web; click to view c1408d1408